| 000 | 00650nam a22001217a 4500 | ||
|---|---|---|---|
| 040 | _cRUA | ||
| 100 | _aTUY HUN. ទុយ ហុន | ||
| 245 | _aEFFECTS OF DIFFERENT GROWING METHODS ON THE GROWTH OF CHERRY TOMATO IN NETHOUSE. ឥទ្ធិពលនៃវិធីសាស្ត្រដាំដុះផ្សេងគ្នាទៅលើការលូតលាស់ដំណាំប៉េងប៉ោះឈើរីក្នុងផ្ទះសំណាញ | ||
| 260 |
_aPhnom Penh _bRUA _c2021 |
||
| 300 |
_aXII.39P _bIX. _c29CM |
||
| 856 | _uhttps://drive.google.com/file/d/1exzTjuwfdnpjt9TABtXGF0hntW4rji2K/view?usp=sharing | ||
| 942 | _cAGE | ||
| 999 |
_c21931 _d21931 |
||